Vybrané formy daňových únikov

Bibliographic Details
Format: Article
Language:Slovak
PhysicalDescription:Lit. 2 zázn. v slov.
Subjects:

MARC

LEADER 00000nab a2200000 a 4500
001 vtls000621670
003 SK-MaSNL
005 20260304204401.0
008 250425c1997 xo 0 slo
015 |a SNBRB19rr/mm-uuuuu 
035 |a CL0621809 
035 |a urn:nbn:sk:snk-ab9r56 
035 |a (urnnbn)urn:nbn:sk:snk:ar-a08pob 
035 |a (uuid)82a3b788-1d45-47ea-baa9-f7b77b5f50be 
040 |a SNKBUCL  |b slo  |c SNKBUCL  |e AACR2 
041 0 |a slo 
044 |a xo  |c SK 
080 |a 336.2.04  |2 1981 
245 0 0 |a Vybrané formy daňových únikov 
300 |b Lit. 2 zázn. v slov. 
650 0 7 |a dane  |2 snkbucl  |9 2123 
650 0 7 |a daňové úniky  |2 snkbucl  |9 13923 
655 7 |a články z novín a časopisov  |2 snkbucl  |9 267496 
773 0 |t Dane a právo v praxi  |g Roč. 2, č. 4 (1997), s. 19-26 
850 |a Slovenská národná knižnica 
852 |a Slovenská národná knižnica 
954 |a odborná, vedecká literatúra pôvodná (slovenská)  |2 lita 
958 |a article13 
958 |a RK 
958 |a OND 
958 |a EUIPO 
992 |a RBX 
999 |c 3115721  |d 3117651